Specification and estimation of a production function for smallholding rubber in Sri Lanka (Record no. 69145)

MARC details
000 -LEADER
fixed length control field 00532nam a2200169Ia 4500
100 ## - MAIN ENTRY--AUTHOR NAME
Personal name Chandrasiri G R
245 #0 - TITLE STATEMENT
Title Specification and estimation of a production function for smallholding rubber in Sri Lanka
260 ## - PUBLICATION, DISTRIBUTION, ETC. (IMPRINT)
Name of publisher Journal of the Rubber Research Institute of Sri Lanka : Conference Proceedings
Year of publication 1977
300 ## - PHYSICAL DESCRIPTION
Number of Pages 398-416
650 ## - SUBJECT ADDED ENTRY--TOPICAL TERM
Topical Term Rubber smallholding
650 ## - SUBJECT ADDED ENTRY--TOPICAL TERM
Topical Term Sri Lanka
700 ## - ADDED ENTRY--PERSONAL NAME
Personal name Carrad B
700 ## - ADDED ENTRY--PERSONAL NAME
Personal name Teo C K
700 ## - ADDED ENTRY--PERSONAL NAME
Personal name Weerasinghe S
942 ## - ADDED ENTRY ELEMENTS (KOHA)
Koha item type Journals
Holdings
Withdrawn status Lost status Damaged status Not for loan Home library Current library Shelving location Date acquired Serial Enumeration / chronology Koha item type
      Journals RRII Library RRII Library Agricultural economics 17/12/2021 Volume 54, Issue 1;2 Journals